| 000 | 00565nam a22001817a 4500 | ||
|---|---|---|---|
| 003 | OSt | ||
| 005 | 20250507161923.0 | ||
| 008 | 250429b |||||||| |||| 00| 0 eng d | ||
| 020 | _a9781441958488 | ||
| 040 | _cRDA | ||
| 100 |
_aELIASSON,GUNNAR., _eAUTHOR _9753379 |
||
| 245 |
_aADVANCED PUBLIC PROCUREMENT AS INDUSTRIAL POLICY: _bThe Aircraft Industry as a Technical University _cBy Gunnar Eliasson |
||
| 260 |
_aNEW YORK _bSPRINGER _c2010 |
||
| 300 | _axxviii,311P | ||
| 650 | _2Policy | ||
| 700 |
_aANTONELLI,CRISTIANO., _eEDITOR _9753380 |
||
| 942 |
_2CC _cGB _n0 |
||
| 999 |
_c1309719 _d1309719 |
||